书目信息 |
| 题名: |
直线电机
|
|
| 作者: | 纳斯尔 , 波尔达 著 ;龙遐令 译 | |
| 分册: | ||
| 出版信息: | 北京 科学出版社 1982 |
|
| 页数: | 312页 | |
| 开本: | 19cm | |
| 丛书名: | ||
| 单 册: | ||
| 中图分类: | TM359.4 | |
| 科图分类: | ||
| 主题词: | 直线电机 | |
| 电子资源: | ||
| ISBN: | ||
| 000 | 00736nam0 2200253 45 | |
| 001 | 0182011294 | |
| 005 | 20060522105159.78 | |
| 010 | @dCNY1.55 | |
| 091 | @aCN@b15031.387 | |
| 100 | @a19950526d1982 em y0chiy0121 ea | |
| 101 | 1 | @achi@ceng |
| 102 | @aCN@b110000 | |
| 105 | @ay z 000yy | |
| 200 | 10 | @a直线电机@Azhi xian dian ji@f(美)S·A·纳斯尔,(罗)I·波尔达著@F(mei)S·A·na si er,(luo)I·bo er da zhu@g龙遐令译 |
| 210 | @a北京@c科学出版社@d1982 | |
| 215 | @a312页@d19cm | |
| 606 | @a直线电机 | |
| 690 | @aTM359.4@v3 | |
| 701 | 1 | @a纳斯尔@Ana si er@bS.A.@4著 |
| 701 | 1 | @a波尔达@Abo er da@bI.@4著 |
| 702 | 0 | @a龙遐令@Along xia ling@4译 |
| 801 | 2 | @aCN@bNLC@c20060522 |
| 801 | 0 | @aCN@bTSSF |
| 905 | @a10447@dTM359.4@e12 | |
| 直线电机/(美)S·A·纳斯尔,(罗)I·波尔达著/龙遐令译.-北京:科学出版社,1982 |
| 312页;19cm |
| ISBN :CNY1.55 |
| ● |
| 相关链接 |
|
|
|
|
正题名:直线电机
索取号:TM359.4/12
 
预约/预借
| 序号 | 登录号 | 条形码 | 馆藏地/架位号 | 状态 | 备注 |
| 1 | 0073545 | 001351824 | 密集书库/ [索取号:TM359.4/12] | 在馆 |